Clubs de football français de Ligue 1 à National 2023-2024 - Statistiques

Statistiques générales
  • Ce quiz a été pris 7 853 fois
    6 927 depuis la dernière actualisation
  • Le résultat moyen est 40 sur 56
Statistiques - réponses
Hint Réponse % Correct
Ligue 1 Paris SG
100%
Ligue 1 Olympique de Marseille
99%
Ligue 1 Lyon
97%
Ligue 1 LOSC Lille
95%
Ligue 1 FC Nantes
93%
Ligue 1 Stade Rennais
93%
Ligue 1 AS Monaco
92%
Ligue 1 OGC Nice
92%
Ligue 1 Racing Club de Lens
92%
Ligue 2 ASSE Saint Etienne
91%
Ligue 2 Girondins de Bordeaux
91%
Ligue 1 RC Strasbourg
91%
Ligue 1 Toulouse FC
91%
Ligue 1 Stade Brestois 29
90%
Ligue 2 Paris FC
89%
Ligue 1 MHSC Montpellier
88%
Ligue 2 AJ Auxerre
87%
Ligue 1 FC Metz
87%
Ligue 1 FC Lorient
85%
Ligue 1 Stade de Reims
85%
Ligue 1 Clermont Foot 63
83%
Ligue 2 SCO Angers
82%
Ligue 1 HAC Le Havre
81%
Ligue 2 AC Ajaccio
73%
National Grand Ouest Association Lyonnaise
73%
Ligue 2 SC Bastia
73%
Ligue 2 Stade Malherbe de Caen
72%
Ligue 2 Amiens SC
71%
National Red Star
71%
National Nîmes Olympique
69%
National ASNL Nancy
68%
National Dijon FCO
68%
Ligue 2 ESTAC Troyes
68%
Ligue 2 Quevilly-Rouen
68%
Ligue 2 En Avant Guingamp
67%
Ligue 2 Grenoble Foot
66%
Ligue 2 Pau FC
66%
Ligue 2 USL Dunkerque
66%
National FCSM Sochaux
65%
Ligue 2 VAFC Valenciennes
64%
Ligue 2 Stade Lavallois
62%
National Rouen
61%
Ligue 2 Annecy FC
60%
Ligue 2 Rodez Aveyron FC
60%
Ligue 2 ASC Concarneau
54%
National Le Mans
53%
National Orléans
53%
National Chamois Niortais
48%
National FC Martigues
47%
National FC Versailles
44%
National Châteauroux
43%
National Avranches
32%
National FC Villefranche Beaujolais
31%
National Epinal
28%
National SO Cholet
28%
National Marignane Gignac Côte Bleue
23%
Aucun quiz correspondant
Distribution des résultats
% des personnes avec chaque résultat
Percentile par nombre de réponses
Votre historique - résultats
Vous n’avez pas pris ce quiz depuis la dernière actualisation